Respuesta de un cultivo de trigo y dinámica del agua en el suelo bajo diferentes sistemas de labranza y fertilización /

Guardado en:
Autor Principal: Wagner, Nelson Jesús.
Autor Corporativo: Universidad Nacional del Sur. Departamento de Agronomía.
Otros Autores: Bouza, Mariana Eve, (tutor.)
Formato: Libro
Idioma:Spanish
Publicado: Bahía Blanca, 2019.
Materias:
Etiquetas: Agregar Etiqueta
Sin Etiquetas, Sea el primero en etiquetar este registro!
LEADER 00983nam a22002295a 4500
001 EEA.libagro011074
005 20190306094118.0
008 190301s2019####ag############000#0#spa#d
082 0 4 |a 633.11 
100 1 |a Wagner, Nelson Jesús. 
245 1 0 |a Respuesta de un cultivo de trigo y dinámica del agua en el suelo bajo diferentes sistemas de labranza y fertilización /  |c Nelson Jesús Wagner. 
260 |a Bahía Blanca,  |c 2019. 
300 |a 51 h. :  |b il. col., fot. col. ;  |c 30 cm. 
500 |a Trabajo de intensificación (Ingeniero Agrónomo) -- Universidad Nacional del Sur. Departamento de Agronomía, 2019. 
650 7 |a Trigo  |2 agrovoc 
650 7 |a Barbecho  |2 agrovoc 
650 7 |a Sistemas con barbecho  |2 agrovoc 
650 7 |a Rotación de cultivos  |2 agrovoc 
650 7 |a Cultivo en tierras áridas  |2 agrovoc 
700 1 |a Bouza, Mariana Eve,  |e tutor. 
710 2 |a Universidad Nacional del Sur.  |b Departamento de Agronomía. 
859 |a AR-BbBCA  |b BIB. AGRONOMIA  |h 633.11  |i W133  |p 2019/6992